Guess the Fusion Rock Song Lyrics #53 - Statistics

General Stats
  • This quiz has been taken 12 times
  • The average score is 133 of 247
Answer Stats
Answer % Correct
a
78%
and
78%
And
78%
But
78%
can
78%
for
78%
go
78%
He
78%
he
78%
his
78%
is
78%
it
78%
it's
78%
make
78%
on
78%
one
78%
the
78%
The
78%
Who
78%
who
78%
you
78%
You
78%
are
67%
Baby
67%
down
67%
him
67%
know
67%
no
67%
of
67%
see
67%
that
67%
Then
67%
thin
67%
To
67%
to
67%
way
67%
What
67%
will
67%
your
67%
after
56%
Bread
56%
cry
56%
every
56%
get
56%
he'll
56%
He's
56%
Like
56%
like
56%
love
56%
man
56%
so
56%
some
56%
day
44%
going
44%
got
44%
Got
44%
just
44%
Out
44%
play
44%
show
44%
sing
44%
want
44%
another
33%
away
33%
begin
33%
call
33%
face
33%
getting
33%
gonna
33%
guitar
33%
high
33%
keeps
33%
makes
33%
never
33%
Night
33%
night
33%
place
33%
plays
33%
right
33%
song
33%
take
33%
think
33%
along
22%
begins
22%
bring
22%
crowd
22%
crowds
22%
drifting
22%
each
22%
Fade
22%
falter
22%
find
22%
home
22%
listen
22%
loud
22%
meaning
22%
might
22%
Miles
22%
miles
22%
music
22%
notice
22%
own
22%
radio
22%
searching
22%
seems
22%
Something
22%
songs
22%
town
22%
voice
22%
words
22%
yourself
22%
comes
11%
dim
11%
draws
11%
Either
11%
em
11%
flicker
11%
lights
11%
message
11%
moving
11%
sound
11%
steal
11%
treats
11%
Who's
11%
No matching quizzes found
Score Distribution
Percent of People with Each Score
Percentile by Number Answered
Your Score History
You have not taken this quiz